Teorie řízení-návody ke cvičení /

Na minha lista:
Detalhes bibliográficos
Main Authors: Fenclová, Miroslava (Author), Suková, Marie (Author)
Formato: Livro
Idioma:tcheco
Publicado em: Praha : České vysoké učení technické v Praze, 1985
Edição:1.vyd.
Assuntos:
Tags: Adicionar Tag
Sem tags, seja o primeiro a adicionar uma tag!

MARC

LEADER 00000nam a22000003a 4500
001 stu36033
005 20150617225730.8
008 920520s1985----cs------------------cze-d
040 |a STU  |b slo 
041 0 |a cze 
044 |a cs 
080 |a 681.5.015(075.8)  |7 stu_us_auth*stu2575 
100 1 |a Fenclová, Miroslava  |4 aut 
245 1 |a Teorie řízení-návody ke cvičení /  |c [aut.]Miroslava Fenclová, Marie Suková 
250 |a 1.vyd. 
260 |a Praha :  |b České vysoké učení technické v Praze,  |c 1985 
300 |a 100 s 
650 7 |a identifikácia  |2 stusub 
650 7 |a riadenie  |2 stusub 
700 1 |a Suková, Marie  |4 aut 
996 |b 284M029077  |c M*S-481-1  |l MMKN  |s A  |a 24  |w stu36033_0001